Statistiken für Allgemeinwissen der Geschichte #8

Klicken Sie hier um das Quiz zu spielen!

Allgemein

  • Dieses Quiz wurde 1.310 mal gespielt
  • Das Durchschnittsergebnis liegt bei 9 aus 20

Antwortstatistiken

FrageAntwort% Korrekt
Welche kleine Region trat 1957 der Bundesrepublik Deutschland bei?das Saarland
76%
Welche Pandemie tötete zwischen 1918 und 1919 3% der Weltbevölkerung?Spanische Grippe
73%
Wer sagte: "der Würfel ist geworfen" als er den Rubikon überquerte?Gaius Iulius Caesar
72%
Wie wurde die englische Königin Maria I. auch genannt?{Bloody} Mary
72%
Welcher Eisbär war um das Jahr 2010 eine der größten Attraktionen des Berliner Zoos?Knut
71%
Welches Land wurde 1953 entlang des 38. Breitengrades geteilt?Korea
69%
Welches Atoll wurde bekannt als die USA hier Nuklearwaffen testeten?Bikini-Atoll
64%
Wo waren Walter Raleigh, Anne Boleyn und auch Guy Fawkes einst eingesperrt?Tower of London
54%
Wer gilt als hauptsächlicher Verfasser der Unabhängigkeitserklärung der USA?Thomas Jefferson
53%
Welche Währung brauchten die Spanier bis zur Einführung des Euro?Peseten
49%
Welches Land wurde einst von Idi Amin regiert?Uganda
40%
Wer dankte 1936 ab um die Amerikaner Wallis Simpson zu heiraten?König Eduard VIII.
35%
Welche Gegend des Nahen Ostens ist auch als Wiege der Zivilisation bekannt?{Fruchtbarer} Halbmond
33%
In welcher fast ausgestorbenen Sprache wurden die hinduistischen Veden geschrieben?Sanskrit
30%
Auf welchem Pekinger Platz wurde 1989 eine Demokratiebewegung
gewaltsam niedergeschlagen?
Tiananmen
29%
In welcher Stadt wurde 1942 Reinhard Heydrich ermordet?Prag
25%
Wer wurde von Sirhan Sirhan umgebracht?Robert Kennedy
18%
In welchem Designstil wurden das Empire State Building und das Chrysler Building erbaut?Art déco
18%
Welchem Duo half Sacagawea auf deren berühmten Reise zum Pazifik?Lewis und Clark
14%
Welches Fürstengeschlecht gründete u.a. Bern und Freiburg im Breisgau?Zähringer
10%

Verteilung der Resultate

Perzentil nach korrekt beantworteten Fragen

Anzahl Personen mit jedem Resultat

Ihre Resultats-Entwicklung

Sie haben dieses Quiz noch nicht gespielt